| 000 -LEADER |
| fixed length control field |
03018cam a2200253Ia 4500 |
| 020 ## - INTERNATIONAL STANDARD BOOK NUMBER |
| ISBN |
9789251056646 |
| 020 ## - INTERNATIONAL STANDARD BOOK NUMBER |
| ISBN |
9251056641 |
| 040 ## - CATALOGING SOURCE |
| Transcribing agency |
EQF |
| 082 04 - DEWEY DECIMAL CLASSIFICATION NUMBER |
| Classification number |
338 FOO 2007 A016 Or. |
| 100 1# - MAIN ENTRY--AUTHOR NAME |
| Personal name |
B©♭n©♭, Christophe |
| 245 10 - TITLE STATEMENT |
| Title |
Increasing the contribution of small-scale fisheries to poverty alleviation and food security / |
| 260 ## - PUBLICATION, DISTRIBUTION, ETC. (IMPRINT) |
| Place of publication |
Rome : |
| Name of publisher |
Food and Agriculture Organization of the United Nations, |
| Year of publication |
2007 |
| 300 ## - PHYSICAL DESCRIPTION |
| Number of Pages |
125 p. : |
| Dimensions |
30 cm |
| 490 1# - SERIES STATEMENT |
| Series statement |
FAO fisheries technical paper, |
| 520 3# - SUMMARY, ETC. |
| Summary, etc |
The objectives of this Technical Paper are to highlight the contribution that inland and coastal small-scale fisheries can make to poverty alleviation and food security and to make practical suggestions on ways that this contribution can be maximized. This paper is organized into three main sections. The first section discusses the concepts of poverty, vulnerability and food security, and briefly outlines how these concepts have evolved in recent years within the field of fisheries (in line with the rest of the development literature). The second section reviews the actual and potential contribution of small-scale fisheries to poverty alleviation and food security. It illustrates, through use of examples, the role that small-scale fisheries can play in economic growth at the national level and poverty alleviation and rural development at the local level. The third and main section of the document discusses ways of increasing the contribution of small-scale fisheries to poverty alleviation and food security through nine main entry points. First, the paper revisits conventional fisheries policies and legislation and makes suggestions on how those can be made more pro-poor. Next, the paper emphasizes the importance of capacity building and highlights how cross-sectoral interventions can greatly improve the livelihoods of fish-dependent communities. The paper then proposes a series of broad pro-poor or pro-small-scale fisheries principles, before discussing in greater detail three of the main management instruments adopted in fisheries: (i) property right approaches; (ii) co-management; and (iii) protected areas. The next two sub-sections discuss markets and how to make them work for the poor, and the important issue of pro-poor financing systems and subsidies. The paper highlights the complexity of the issues and reflects the current debate on the ambiguous impacts of markets and trade on poverty alleviation. The last sub-section examines the information, research agenda and communication strategies that are needed to complement or support other interventions and to ensure the contribution of small-scale fisheries to poverty alleviation and food security |
| 650 #0 - SUBJECT ADDED ENTRY--TOPICAL TERM |
| Topical Term |
Small-scale fisheries |
| 650 #0 - SUBJECT ADDED ENTRY--TOPICAL TERM |
| Topical Term |
Fishery management |
| 650 #0 - SUBJECT ADDED ENTRY--TOPICAL TERM |
| Topical Term |
Food supply |
| 700 1# - ADDED ENTRY--PERSONAL NAME |
| Personal name |
Macfadyen, G. |
| 700 1# - ADDED ENTRY--PERSONAL NAME |
| Personal name |
Allison, E. H. |
| 710 2# - ADDED ENTRY--CORPORATE NAME |
| Corporate name or jurisdiction name as entry element |
Food and Agriculture Organization of the United Nations |
| 856 11 - ELECTRONIC LOCATION AND ACCESS |
| Uniform Resource Identifier |
ftp://ftp.fao.org/docrep/fao/009/a0965e/a0965e00.pdf |
| 942 ## - ADDED ENTRY ELEMENTS (KOHA) |
| Koha item type |
សៀវភៅភាសាអង់គ្លេស |
| 952 ## - LOCATION AND ITEM INFORMATION (KOHA) |
| Withdrawn status [LOCAL, KOHA] |
0 |